UM Logo

Extracting the best. (Record no. 6987)

MARC details
000 -LEADER
fixed length control field 00461nam a2200133 4500
008 - FIXED-LENGTH DATA ELEMENTS--GENERAL INFORMATION
fixed length control field 170711b xxu||||| |||| 00| 0 eng d
022 ## - INTERNATIONAL STANDARD SERIAL NUMBER
International Standard Serial Number 16565541
082 ## - DEWEY DECIMAL CLASSIFICATION NUMBER
Classification number DPer 641.05 F73 Dec 2012-Nov 2013 v. 9-10, n. 6-5
245 ## - TITLE STATEMENT
Title Extracting the best.
260 ## - PUBLICATION, DISTRIBUTION, ETC. (IMPRINT)
Place of publication, distribution, etc. Makati City, Philippines:
Name of publisher, distributor, etc. Hinge Inquirer Publications, Inc.,
Date of publication, distribution, etc. ©2012-2013.
300 ## - PHYSICAL DESCRIPTION
Extent v9 n6, pages 64-65:
Other physical details illustrations;
Dimensions 28 cm.
650 #0 - SUBJECT ADDED ENTRY--TOPICAL TERM
9 (RLIN) 21119
Topical term or geographic name as entry element Barista
General subdivision Competition
942 ## - ADDED ENTRY ELEMENTS (KOHA)
Source of classification or shelving scheme Dewey Decimal Classification
Koha item type Periodicals
Holdings
Withdrawn status Lost status Source of classification or shelving scheme Damaged status Not for loan Collection code Home library Current library Date acquired Total Checkouts Full call number Date last seen Price effective from Koha item type Public note
    Dewey Decimal Classification     Periodicals UM Digos College - LIC UM Digos College - LIC 07/11/2017   DPer 641.05 F73 Dec 2012-Nov 2013 v. 9-10, n. 6-5 07/11/2017 07/11/2017 Periodicals Periodical article